01014nam a2200253 a 4500001001000000005001700010008004100027041000800068044000700076050002300083100003100106245008900137250000600226260004300232300003600275500008100311500011900392500009600511500004300607500002600650500003000676500000900706651004500715BRCA_631220190320205417.0300709s1759----fr-#---###---#000-0#fre-# afre afr 4aF1219b.C67 2 17591 aCortez, Fernandd1485-154710aHistoire de la Conquête du Mexique, ou de la Nouvelle Espagnecpar Fernand Cortez. a6 aParísbCompagnie des Librairesc1759 a2 v.bil., 12 láminasc17 cm. aTraduite de l´espagnol de Dom Antoine de Solis, par l´auteur du Triumvirat aCada volumen cuenta con un ex-libris en la primera guarda de ´Alex Brongniart. Professeur a´histoire naturelle´ aDos ejemplares (Tomo I y Tomo II) inventariados por el Banco de México como un solo libro aEjemplares resguardados en Caja Fuerte aEjemplar igual a B210 aVer también B358 y S108 aC119 4aMéxicoxHistoriayConquista, 1519-1540